Human subjects research : (Record no. 11735)
[ view plain ]
| 000 -LEADER | |
|---|---|
| fixed length control field | 00417cam a2200133 i 4500 |
| 020 ## - INTERNATIONAL STANDARD BOOK NUMBER | |
| International Standard Book Number | 9781622572069 (hardcover) |
| 050 00 - LIBRARY OF CONGRESS CALL NUMBER | |
| Classification number | R853.H8 |
| Item number | H86 2012 |
| 245 00 - TITLE STATEMENT | |
| Title | Human subjects research : |
| Remainder of title | protecting participants / |
| Statement of responsibility, etc. | Justin R. Ward and Larry O. Coleman, editors. |
| 300 ## - PHYSICAL DESCRIPTION | |
| Extent | 176 pages : |
| 650 #0 - SUBJECT ADDED ENTRY--TOPICAL TERM | |
| General subdivision | Government policy |
| 650 #0 - SUBJECT ADDED ENTRY--TOPICAL TERM | |
| General subdivision | Moral and ethical aspects |
| 650 #0 - SUBJECT ADDED ENTRY--TOPICAL TERM | |
| General subdivision | Legal status, laws, etc. |
| 942 ## - ADDED ENTRY ELEMENTS (KOHA) | |
| Source of classification or shelving scheme | Library of Congress Classification |
| Koha item type | General circulation |
| Withdrawn status | Lost status | Source of classification or shelving scheme | Damaged status | Not for loan | Home library | Current library | Shelving location | Date acquired | Source of acquisition | Total Checkouts | Full call number | Barcode | Date last seen | Price effective from | Koha item type | Public note |
|---|---|---|---|---|---|---|---|---|---|---|---|---|---|---|---|---|
| Library of Congress Classification | Kitui Town Campus Library | Kitui Town Campus Library | General Stacks | 01/03/2016 | Donation - Books For Africa | R 853.H8 | 2016/010467 | 01/03/2016 | 01/03/2016 | General circulation | dm |